[Event "34th Open"]
[Site "Fourmies FRA"]
[Date "2010.05.24"]
[Round "7"]
[White "Amigues,E"]
[Black "Leburgue,S"]
[Result "1-0"]
[WhiteElo "2321"]
[BlackElo "2112"]

1.d4 d5 2.Nf3 Nf6 3.c4 c6 4.Nc3 e6 5.e3 Nbd7 6.Qc2 b6 7.Bd2 Bb7 8.cxd5 exd5
9.Bd3 Be7 10.O-O O-O 11.Ne5 c5 12.f4 Rc8 13.Nxd7 Nxd7 14.Bxh7+ Kh8 15.Rf3  1-0

[Event "64th Open ch-Ontario"]
[Site "Toronto CAN"]
[Date "2010.05.24"]
[Round "5"]
[White "Henry,Lia"]
[Black "Doubleday,W"]
[Result "1-0"]
[WhiteElo "2187"]
[BlackElo "2097"]

1.d4 d5 2.c4 c6 3.Nc3 Nf6 4.Nf3 e6 5.e3 Nbd7 6.Qc2 dxc4 7.Bxc4 b5 8.Be2 a6
9.O-O Bb7 10.b3 c5 11.Bb2 Rc8 12.Qd1 Be7 13.a4 b4 14.Nb1 O-O 15.Nbd2 cxd4
16.Nxd4 Nb6 17.Bf3 Qc7 18.Rc1 Qb8 19.Nc6 Bxc6 20.Bxc6 Nbd5 21.Bxd5 Rxc1 22.Qxc1 Nxd5
23.Qc6 Qb6 24.Rc1 Rd8 25.Bd4 Qxc6 26.Rxc6 e5 27.Bxe5 Nc3 28.Bd4 Ne2+ 29.Kf1 Nxd4
30.exd4 Rxd4 31.Ke2 Rd6 32.Rxd6 Bxd6 33.Ne4 Be7 34.Kd3 f5 35.Ng3 g6 36.Ne2 Kf7
37.Nd4 Ke8 38.Kc4 Kd7 39.Nc2 a5 40.Kb5 Bd8 41.Nd4 Kd6 42.Nc6 Bc7 43.Nxa5 Kd5
44.h3 Kd4 45.Kxb4 Kd3 46.Nc6 Ke2 47.a5 Kxf2 48.Kb5 Bxa5 49.Kxa5 Kxg2 50.b4 f4
51.Ne5 Kxh3 52.b5 g5 53.b6 g4 54.b7 f3 55.b8=Q f2 56.Qb1 Kg2 57.Nxg4 h5 58.Nxf2 Kxf2
59.Qh1  1-0

[Event "III Copa Roggio C"]
[Site "Asuncion PAR"]
[Date "2010.05.25"]
[Round "5"]
[White "Battaglia,J"]
[Black "Benitez,J"]
[Result "1/2-1/2"]
[WhiteElo "1806"]
[BlackElo "1830"]

1.d4 Nf6 2.Nf3 e6 3.c4 d5 4.e3 c6 5.Nc3 Be7 6.Bd3 O-O 7.O-O Nbd7 8.b3 a6
9.Bb2 b5 10.cxd5 exd5 11.Qe2 h6 12.Rfd1 b4 13.Na4 Nb6 14.Nxb6 Qxb6 15.Rac1 Bg4
16.h3 Bh5 17.e4 dxe4 18.Bxe4 Nxe4 19.Qxe4 Bxf3 20.Qxf3 Bf6 21.Qxc6 Qxc6 22.Rxc6 a5
23.Ba1 Rfd8 24.Rc4 Rd5 25.Rc5 Rad8 26.Rxd5 Rxd5 27.Kf1 Kf8 28.Ke2 Ke7 29.Kd3  1/2-1/2

[Event "III Copa Roggio A"]
[Site "Asuncion PAR"]
[Date "2010.05.25"]
[Round "5"]
[White "Diaz Hollemaert,N"]
[Black "Zambrana,O"]
[Result "0-1"]
[WhiteElo "2451"]
[BlackElo "2504"]

1.Nf3 d5 2.c4 c6 3.e3 Nf6 4.d4 e6 5.Nc3 Nbd7 6.Qc2 Bd6 7.Bd3 dxc4 8.Bxc4 a6
9.O-O O-O 10.Rd1 Qc7 11.e4 e5 12.g3 exd4 13.Nxd4 Ne5 14.Be2 Bh3 15.Bg5 Neg4
16.Bxf6 Nxf6 17.Bf1 Bg4 18.Be2 Rad8 19.Kg2 Bc5 20.Nf5 Bxe2 21.Qxe2 Qe5 22.f3 b5
23.Rxd8 Rxd8 24.Rd1 Re8 25.Ne3 Qe6 26.b3 h5 27.Qd3 g6 28.Ne2 Qe5 29.Nc2 Nd5
30.Ned4 Bxd4 31.Nxd4 Nb4 32.Qd2 c5 33.Ne2 Rc8 34.Nf4 Kg7 35.Qd7 Re8 36.Qd2 Rb8
37.a3 Nc6 38.Qc1 Nd4 39.Qc3 b4 40.axb4 Rxb4 41.Nd3 Rxb3 42.Nxe5 Rxc3 43.Ra1 f6
44.Nd7 Rc2+ 45.Kf1 Nxf3 46.Rxa6 Nxh2+ 47.Ke1 Nf3+ 48.Kf1 Nd2+ 49.Ke2 Nxe4+
50.Ke3 Nxg3 51.Nxf6 Rc4 52.Nd7 Nf5+ 53.Kf3 g5 54.Ne5 g4+ 55.Kf2 Rc2+ 56.Kg1 Nh4
57.Rc6 g3 58.Rc7+ Kh6  0-1

[Event "83rd ch-StP"]
[Site "St Petersburg RUS"]
[Date "2010.05.25"]
[Round "9"]
[White "Levin,Ev"]
[Black "Yevseev,D"]
[Result "1/2-1/2"]
[WhiteElo "2500"]
[BlackElo "2520"]

1.d4 d5 2.c4 e6 3.Nc3 c6 4.e3 Nf6 5.Nf3 Nbd7 6.Bd3 dxc4 7.Bxc4 b5 8.Bd3 Bb7
9.a3 Bd6 10.O-O O-O 11.Qc2 a6 12.b4 a5 13.Rb1 axb4 14.axb4 Qe7 15.e4 e5 16.Ne2 Bxb4
17.Ng3 g6 18.dxe5 Ng4 19.Bg5 Qc5 20.e6 fxe6 21.Qb3 Nde5 22.Qxe6+ Rf7 23.Nxe5 Nxe5
24.Be2 Bc8 25.Qb3 Bc3 26.Be3  1/2-1/2

[Event "2nd SCS Open"]
[Site "Bhubaneswar IND"]
[Date "2010.05.26"]
[Round "7"]
[White "Hera,I"]
[Black "Varga,Zo"]
[Result "1-0"]
[WhiteElo "2558"]
[BlackElo "2479"]

1.c4 c6 2.Nf3 d5 3.e3 Nf6 4.Nc3 e6 5.d4 Nbd7 6.Bd3 b6 7.O-O Bb7 8.e4 dxe4
9.Nxe4 Be7 10.Qe2 Nxe4 11.Bxe4 Nf6 12.Bf4 Nxe4 13.Qxe4 Qd7 14.Rfd1 Rd8 15.Ne5 Qc8
16.c5 bxc5 17.dxc5 O-O 18.b4 f6 19.Nd7 Rfe8 20.Qxe6+ Kh8 21.Qf5 g6 22.Qe6 Bf8
23.Qf7 Bg7 24.h4 Ba6 25.Rd6 Re4 26.Bh6 Bxh6 27.Nxf6 Bg7 28.Nxe4 Rf8 29.Qe7 Re8
30.Qf7 Rf8 31.Qe7 Re8 32.Qxa7 Bxa1 33.Rd7 Kg8 34.Nd6 Re1+ 35.Kh2 Be5+ 36.g3 Bxd6
37.Rg7+  1-0

[Event "83rd ch-StP"]
[Site "St Petersburg RUS"]
[Date "2010.05.26"]
[Round "10"]
[White "Khairullin,I"]
[Black "Matlakov,M"]
[Result "1-0"]
[WhiteElo "2617"]
[BlackElo "2604"]

1.d4 d5 2.c4 c6 3.Nc3 Nf6 4.e3 e6 5.Nf3 a6 6.Qc2 c5 7.cxd5 exd5 8.Be2 Nc6
9.Ne5 cxd4 10.Nxc6 bxc6 11.exd4 Bd6 12.O-O O-O 13.Bg5 Re8 14.Rfe1 h6 15.Bh4 Rb8
16.b3 g5 17.Bg3 Bxg3 18.hxg3 Qa5 19.Na4 Bg4 20.f3 Bd7 21.Nc5 Re7 22.Red1 Bc8
23.Kf2 Kg7 24.g4 Nd7 25.Rac1 Nxc5 26.Qxc5 Qc7 27.Re1 Bb7 28.Bd3 Rbe8 29.Rxe7 Rxe7
30.g3 Qd7 31.Qb4 Qc7 32.Qc5 a5 33.b4 axb4 34.Qxb4 Ba8 35.a4 Qa7 36.Qc5 Qd7
37.Re1 Rxe1 38.Kxe1 Qe8+ 39.Kf2 Qb8 40.Qc3 Bb7 41.Qb4 Qa8 42.Be2 Bc8 43.a5 Ba6
44.Qb6 Bxe2 45.Kxe2 Qf8 46.Qxc6 Qe7+ 47.Kd1 Qd8 48.Qb5 Qd6 49.Kc2 Qxg3 50.Qxd5 Qf2+
51.Kb3 Qf1 52.Kb4 Qa6 53.Qe5+ Kg8 54.Qb8+ Kg7 55.Qb5 Qd6+ 56.Qc5 Qa6 57.d5  1-0

[Event "XXIX Open A"]
[Site "Zalakaros HUN"]
[Date "2010.05.26"]
[Round "1"]
[White "Berczes,D"]
[Black "Makk,R"]
[Result "1-0"]
[WhiteElo "2519"]
[BlackElo "2222"]

1.c4 d5 2.d4 c6 3.Nc3 Nf6 4.e3 e6 5.Nf3 Nbd7 6.Qc2 b6 7.b3 Bb7 8.Bd3 Qc7
9.O-O Be7 10.Bb2 h6 11.Rac1 Rd8 12.cxd5 exd5 13.Ne2 O-O 14.Ng3 Rfe8 15.Qe2 Bf8
16.Ne5 c5 17.f4 Qb8 18.Nf5 g6 19.Ng3 Bg7 20.Qf3 a6 21.h4 Re7 22.h5 Nxh5 23.Nxh5 gxh5
24.Qxh5 cxd4 25.Bxd4 Nf6 26.Qh4 Qd6 27.Rf3 Ne4 28.Bxe4 dxe4 29.Rg3 Qe6 30.Nc6 Bxc6
31.Bxg7 Kh7 32.Bf6  1-0

[Event "4th ACP World Rapid Cup"]
[Site "Odessa UKR"]
[Date "2010.05.27"]
[Round "1.2"]
[White "Ivanchuk,V"]
[Black "Gurevich,M"]
[Result "1/2-1/2"]
[WhiteElo "2741"]
[BlackElo "2614"]

1.d4 d5 2.c4 c6 3.Nf3 Nf6 4.Nc3 e6 5.e3 a6 6.b3 Bb4 7.Bd2 Nbd7 8.Bd3 O-O
9.O-O Bd6 10.Rc1 h6 11.Qc2 e5 12.cxd5 cxd5 13.dxe5 Nxe5 14.Nxe5 Bxe5 15.Ne2 Bg4
16.f3 Rc8 17.Qb1 Bd7 18.Rxc8 Bxc8 19.Rc1 Qb6 20.Qc2 Bd7 21.Qc5 Qxc5 22.Rxc5 Bd6
23.Rc2 Re8 24.Kf2 Kf8 25.Bc3 Bc5 26.Bd4 Bxd4 27.Nxd4 Ke7 28.Rd2 Rc8 29.Bc2 a5
30.g4 Rc5 31.h4 Ne8 32.Ne2 g5 33.Nd4 Nd6 34.Bd3 Rc1 35.Kg3 Rg1+ 36.Kh2 Re1
37.Be2 gxh4 38.Kh3 h5 39.Rd1 hxg4+ 40.fxg4 Rxd1 41.Bxd1 Ne4 42.Kxh4 Nc3 43.Bf3 Nxa2
44.Bxd5 b5 45.Bc6 Nc3 46.Kg5 a4 47.bxa4 bxa4 48.Bxd7 Kxd7 49.Kf6 Nd5+ 50.Kxf7 Nxe3
51.g5 a3 52.g6 a2 53.Nb3 Nf5 54.Kf6 Nd6 55.Ke5 Ne8 56.Kd4 Ke7 57.Kc3 Kf6
58.Kb2 Kxg6 59.Kxa2 Nd6 60.Nc5 Nc4 61.Kb3 Nb6 62.Kc3 Nc8 63.Kd4 Nd6 64.Ke5 Nb5
65.Kd5 Nd4 66.Kxd4  1/2-1/2

[Event "XXIX Open A"]
[Site "Zalakaros HUN"]
[Date "2010.05.27"]
[Round "2"]
[White "Kovacs,Laj2"]
[Black "Varadi,B"]
[Result "1/2-1/2"]
[WhiteElo "2197"]
[BlackElo "1846"]

1.d4 d5 2.Nf3 Nf6 3.e3 c6 4.c4 e6 5.Nc3 Nbd7 6.Qc2 Bd6 7.g4 Nxg4 8.Rg1 Nxh2
9.Nxh2 Bxh2 10.Rxg7 h5 11.f4 Qh4+ 12.Qf2 Qxf2+ 13.Kxf2 h4 14.Ne2 Nf6 15.Rg2 Ne4+
16.Kf3 Bg3 17.Nxg3 Nxg3 18.Bd3 b6 19.Bd2 Bb7 20.cxd5 exd5 21.Rh2 O-O-O 22.Rg1 Ne4
23.Be1 h3 24.Bf1 Rdg8 25.Rxg8+ Rxg8 26.Bxh3+ Kc7 27.Bf5 Rg1 28.Bxe4 dxe4+
29.Kf2 Rg7 30.Bc3 Kd7 31.Rh5 Rg8 32.Rf5 Ke7 33.Re5+ Kd7 34.Rxe4 c5 35.Re5 Rg2+
36.Kf1 cxd4 37.Bxd4 Rc2 38.Rg5 b5 39.a3 a6 40.Rg7 Ke7 41.f5 Bd5 42.f6+ Ke6
43.Rg8 Bc4+ 44.Kg1 a5 45.Re8+ Kf5 46.Bc3 a4 47.e4+ Kf4 48.e5 Kf3 49.e6 Rg2+
50.Kh1 Rg5  1/2-1/2

[Event "Six Seasons WIM"]
[Site "Narayanganj BAN"]
[Date "2010.05.28"]
[Round "9"]
[White "Shamima,A"]
[Black "Rahman,SM"]
[Result "0-1"]
[WhiteElo "2122"]
[BlackElo "2288"]

1.d4 d5 2.c4 c6 3.Nf3 e6 4.Nc3 Nf6 5.e3 Nbd7 6.Qc2 a6 7.b3 b5 8.Bb2 Be7 9.Bd3 bxc4
10.bxc4 dxc4 11.Bxc4 c5 12.dxc5 Nxc5 13.Rd1 Qa5 14.O-O O-O 15.Ne5 Bb7 16.f4 Rac8
17.Qe2 Qc7 18.Rc1 Rfd8 19.Nb1 Qa5 20.f5 Bd5 21.fxe6 Nxe6 22.Bxa6 Rxc1 23.Rxc1 Bc5
24.Bd3 Qb6 25.Rxc5 Qxc5 26.Qf2 Bxa2 27.Nd2 Qc7 28.Qf5 Qb6 29.Nec4 Qc5 30.Be5 Bxc4
31.Nxc4 Qd5 32.Bxf6 Qxd3 33.Qxd3 Rxd3 34.Be5 f6 35.Bb2 Rb3 36.Kf2 Rb4  0-1

[Event "14th Chicago Open"]
[Site "Wheeling USA"]
[Date "2010.05.28"]
[Round "3"]
[White "Fernandez,Dani"]
[Black "Wasiluk,K"]
[Result "1-0"]
[WhiteElo "2425"]
[BlackElo "2218"]

1.d4 d5 2.c4 c6 3.Nf3 Nf6 4.Nc3 e6 5.e3 Nbd7 6.Qc2 Bd6 7.Bd3 O-O 8.O-O dxc4
9.Bxc4 a6 10.Rd1 b5 11.Bd3 Qc7 12.Ne4 Nxe4 13.Bxe4 Nf6 14.Bd2 Bb7 15.Bd3 c5
16.dxc5 Qxc5 17.Bc3 Bxf3 18.gxf3 Rac8 19.Qe2 Qh5 20.f4 Ng4 21.Qf3 Qxh2+ 22.Kf1 f5
23.Bxf5 exf5 24.Rxd6 b4 25.Bxb4 Rc2 26.Rd2 Rxd2 27.Bxd2 Nf6 28.Qg2 Qh6 29.Bc3 Rd8
30.Rc1 Ne4 31.Bd4 Rd7 32.Rc8+ Kf7 33.Ke1 a5 34.Qf1 Qh2 35.Qc4+ Kg6 36.Qe6+ Nf6
37.Rc5 Qg1+ 38.Ke2 Qg4+ 39.Kd2 h5 40.Kc3 Qd1 41.Qxf5+ Kf7 42.Rxa5 Qe1+ 43.Kb3 Rb7+
44.Rb5 Qd1+ 45.Ka3 Rxb5 46.Qxb5 h4 47.Qb7+ Kg6 48.f5+ Kxf5 49.Qxg7 Qd3+ 50.Kb4 Qd2+
51.Kb5 Qd3+ 52.Kb6 Nd5+ 53.Kc5 Qc2+ 54.Kxd5  1-0

[Event "Mitropa Cup"]
[Site "Chur SUI"]
[Date "2010.05.29"]
[Round "1"]
[White "Brunello,S"]
[Black "Kreisl,R"]
[Result "1-0"]
[WhiteElo "2467"]
[BlackElo "2374"]

1.d4 d5 2.c4 e6 3.Nf3 Nf6 4.Nc3 c6 5.e3 Nbd7 6.Qc2 Bd6 7.Be2 O-O 8.O-O dxc4
9.Bxc4 a6 10.Rd1 b5 11.Be2 Qc7 12.e4 e5 13.Bg5 exd4 14.Rxd4 Re8 15.Rad1 Bc5
16.R4d3 Ng4 17.Bh4 Qa7 18.Nd4 Nge5 19.R3d2 Nf8 20.Bg3 Qb6 21.Nb3 Bb4 22.Rd4 a5
23.a3 a4 24.axb4 axb3 25.Qxb3 Bg4 26.Bxe5 Bxe2 27.Nxe2 Rxe5 28.Ng3 c5 29.bxc5 Rxc5
30.Nf5 Re8 31.h3 Qc6 32.Qg3 Qg6 33.Qh4 Rce5 34.R1d3 Qf6 35.Qxf6 gxf6 36.f3 Ne6
37.Rd6 Nf4 38.Rd2  1-0

[Event "NAO"]
[Site "Stillwater USA"]
[Date "2010.05.29"]
[Round "4"]
[White "Mc Entee,T"]
[Black "Wawrzaszek,J"]
[Result "1-0"]
[WhiteElo "2155"]
[BlackElo "2018"]

1.d4 d5 2.c4 e6 3.Nc3 c6 4.e3 Nf6 5.Nf3 Nbd7 6.Bd3 dxc4 7.Bxc4 b5 8.Bd3 Bb7
9.O-O a6 10.e4 c5 11.Re1 cxd4 12.Nxd4 Ne5 13.Bc2 Qb6 14.Nf3 Neg4 15.Be3 Nxe3
16.Rxe3 Ng4 17.Re2 Bc5 18.Qe1 Rc8 19.h3 h5 20.e5 b4 21.Ne4 Bxe4 22.Bxe4 Ke7
23.Qd2 f6 24.exf6+ gxf6 25.Rf1 Rhd8 26.Qe1 Nxf2 27.Rfxf2 Rd6 28.Bc2 Bxf2+
29.Qxf2 Rxc2 30.Rxc2 Rd1+ 31.Kh2 Qb8+ 32.g3  1-0

[Event "XXIX Open A"]
[Site "Zalakaros HUN"]
[Date "2010.05.29"]
[Round "4"]
[White "Kovacs,Laj2"]
[Black "Vas,P SWE"]
[Result "0-1"]
[WhiteElo "2197"]
[BlackElo "2312"]

1.d4 d5 2.c4 e6 3.Nc3 c6 4.e3 Nf6 5.Nf3 Nbd7 6.Qc2 Bd6 7.g4 h6 8.Bd2 Qe7
9.h3 b6 10.e4 Nxe4 11.Nxe4 dxe4 12.Qxe4 Bb7 13.Bg2 O-O-O 14.Qe2 c5 15.Rg1 e5
16.dxe5 Bxe5 17.Be3 Rhe8 18.O-O-O Bf4 19.Rde1 Qf6 20.Bh1 Re7 21.Rgf1 Rde8
22.Qd2 Bxe3 23.Rxe3 Rxe3 24.fxe3 Qe6 25.Qc3 Qxe3+ 26.Qxe3 Rxe3 27.Kd2 Re4
28.Nh4 Rd4+ 29.Kc3 Bxh1 30.Rxh1 g6 31.Nf3 Rf4 32.Nd2 f5 33.gxf5 gxf5 34.Re1 Rh4
35.Re3 f4 36.Rf3 Ne5  0-1

[Event "2nd SCS Open"]
[Site "Bhubaneswar IND"]
[Date "2010.05.30"]
[Round "11"]
[White "Karthikeyan,P"]
[Black "Das,Say"]
[Result "1/2-1/2"]
[WhiteElo "2411"]
[BlackElo "2250"]

1.d4 d5 2.c4 e6 3.Nf3 c6 4.e3 Nf6 5.Nc3 Nbd7 6.Qc2 Bd6 7.Bd3 dxc4 8.Bxc4 b5
9.Be2 O-O 10.O-O Bb7 11.Rd1 Qc7 12.e4 e5 13.g3 Rfe8 14.a3 a6 15.dxe5 Nxe5
16.Bg5 Ned7 17.Nd4 Be5 18.Nf5 c5 19.Nd5 Nxd5 20.exd5 f6 21.Be3 Nb6 22.Qxc5  1/2-1/2

[Event "Mitropa Cup"]
[Site "Chur SUI"]
[Date "2010.05.30"]
[Round "2"]
[White "Meszaros,Mi"]
[Black "Kreisl,R"]
[Result "0-1"]
[WhiteElo "2393"]
[BlackElo "2374"]

1.c4 c6 2.d4 d5 3.Nc3 Nf6 4.e3 e6 5.Nf3 Nbd7 6.Bd3 dxc4 7.Bxc4 b5 8.Bd3 Bb7
9.a3 Bd6 10.O-O O-O 11.Qc2 a6 12.b4 a5 13.Rb1 axb4 14.axb4 Qe7 15.e4 e5 16.Ne2 Bxb4
17.dxe5 Ng4 18.Bg5 Qc5 19.e6 fxe6 20.Qb3 Nde5 21.Qxe6+ Kh8 22.Rxb4 Rae8 23.Qb3 Rxf3
24.gxf3 Nxf3+ 25.Kh1 Nxf2+ 26.Kg2 Nxd3 27.Qxd3 Qxg5+ 28.Ng3 Nh4+ 29.Kh1 h6
30.Rb2 Qg4 31.Rf7 Bc8 32.Rbf2 Be6 33.Rf8+ Rxf8 34.Rxf8+ Kh7 35.Qd8 Ng6 36.Rf2 h5
37.Qd3 Ne5 38.Qd4 Nf3 39.Qc3 Ng5 40.Qd3 h4 41.Nf5 Nxe4 42.Ne7 Qd1+  0-1

[Event "Mitropa Cup w"]
[Site "Chur SUI"]
[Date "2010.05.30"]
[Round "2"]
[White "Medic,Mir"]
[Black "Zimina,O"]
[Result "0-1"]
[WhiteElo "2271"]
[BlackElo "2309"]

1.d4 d5 2.c4 e6 3.Nc3 c6 4.e3 Nf6 5.Nf3 Nbd7 6.Qc2 b6 7.Be2 Bb7 8.O-O Bd6
9.e4 dxe4 10.Nxe4 Nxe4 11.Qxe4 Nf6 12.Qc2 c5 13.dxc5 bxc5 14.Bg5 Be7 15.Rfd1 Qc7
16.Qa4+ Bc6 17.Qa3 O-O 18.Qe3 Qb7 19.b3 h6 20.Bh4 a5 21.h3 a4 22.Rab1 axb3
23.axb3 Ra2 24.Rd2 Rfa8 25.Rxa2 Rxa2 26.Bf1 Ne4 27.Bxe7 Qxe7 28.Ne5 Qc7 29.Nd3 Bb7
30.b4 Nd2 31.Rc1 Nxf1 32.Rxf1 cxb4 33.Nxb4 Ra5 34.Nd3 Qxc4 35.Rc1 Qe4 36.Qxe4 Bxe4
37.Nf4 Rf5 38.Ne2 Rg5 39.Ng3 Bd5 40.Kh2 Re5 41.f3 Re3 42.Kg1 g6 43.Kf2 Ra3
44.Rc2 Kg7 45.Ne2 g5 46.Nd4 h5 47.Ne2 Kg6 48.Nc3 Bc6 49.Ne2 Ba4 50.Rd2 Bb5
51.Nd4 Ba6 52.Ne2 Ra1 53.Rb2 Ra4 54.Nc3 Rc4 55.Ne2 Ra4 56.Nc3 Ra3 57.Ne2 Ra1
58.Rd2 h4 59.Rb2 Bc4 60.Rc2 Bd5 61.Rd2 Kf6 62.Nc3 Ke5 63.Ne2 Bc4 64.Rc2 Ba6
65.Rc5+ Kd6 66.Rc2 e5 67.Rd2+ Ke6 68.Rb2 f5 69.Ke3 Ra3+ 70.Kf2 e4 71.fxe4 fxe4
72.Nd4+ Ke5 73.Nc2 Rd3 74.Ne1 Rd1 75.Rb3 Kf4 76.Rb4 Rd2+ 77.Kg1 Re2 78.Rb1 Kg3
79.Ra1 e3 80.Rb1 Rf2  0-1

[Event "Mitropa Cup"]
[Site "Chur SUI"]
[Date "2010.05.30"]
[Round "2"]
[White "Bosiocic,Mari"]
[Black "Caruana,F"]
[Result "0-1"]
[WhiteElo "2562"]
[BlackElo "2675"]

1.Nf3 Nf6 2.c4 c6 3.Nc3 d5 4.d4 e6 5.e3 Nbd7 6.Qc2 Bd6 7.b3 O-O 8.Be2 b6
9.O-O Bb7 10.Bb2 Rc8 11.Rac1 c5 12.cxd5 cxd4 13.Nxd4 Nxd5 14.Bf3 Ne5 15.Bxd5 Bxd5
16.Qe2 Bb7 17.Ncb5 Rxc1 18.Rxc1 Bc5 19.Rd1 Qh4 20.f3 a6 21.Na3 Ng6 22.Qf2 Qxf2+
23.Kxf2 Rd8 24.Ke2 e5 25.Nf5 Rxd1 26.Kxd1 Bc8 27.g4 Bxf5 28.gxf5 Nh4 29.Nc4 f6
30.Ke2 Nxf5 31.b4 Bxb4 32.e4 Nd6 33.Nxb6 Kf7 34.Kd3 h5 35.Nd5 Ba5 36.a4 Ke6
37.Ba3 h4 38.h3 Nf7 39.Bc1 f5 40.Ke2 Nd6 41.Kd3 Nf7 42.Ke2 Nd6 43.Kd3 f4
44.Ba3 Nf7 45.Be7 Bd8 46.Bxd8 Nxd8 47.Nc7+ Kd6 48.Nxa6 Ne6 49.Ke2 Nc5 50.Nb4 Nxa4
51.Nd5 Nc5 52.Nb6 Nd7 53.Nc8+ Ke6 54.Kf2 Nf6 55.Nb6 Ne8 56.Kg2 Nd6 57.Kf2 Nf7
58.Nc4 Kd7 59.Nb6+ Kd6 60.Nc8+ Ke6 61.Nb6 g5 62.Nc4 Kd7 63.Ke2 Kc6 64.Kd3 Kb5
65.Kc3 Kc5 66.Nb2 Kd6 67.Nc4+ Ke6 68.Kd3 g4 69.fxg4 Ng5 70.Nd2 Nxh3 71.Nf3 Nf2+
72.Ke2 Nxe4 73.Nxh4 Kf6 74.Nf3 Ng3+ 75.Kf2 e4 76.Nh2 Kg5 77.Kg1 f3 78.Kf2 Kf4
79.g5 e3+ 80.Kg1 e2 81.Kf2 Ne4+ 82.Ke1 Nc5  0-1

[Event "14th Chicago Open"]
[Site "Wheeling USA"]
[Date "2010.05.30"]
[Round "7"]
[White "Gareev,T"]
[Black "Bercys,S"]
[Result "1-0"]
[WhiteElo "2599"]
[BlackElo "2427"]

1.d4 d5 2.c4 e6 3.Nc3 c6 4.Nf3 Nf6 5.e3 Nbd7 6.Qc2 Bd6 7.g4 dxc4 8.Bxc4 e5
9.g5 Nd5 10.Bd2 exd4 11.Nxd4 O-O 12.Ne4 Bc7 13.O-O-O Ne5 14.Be2 Qe7 15.Rhg1 Re8
16.Kb1 Kh8 17.h4 Ng4 18.Bf3 Be5 19.Bxg4 Bxd4 20.Bxc8 Raxc8 21.Ng3 Bb6 22.h5 Qc5
23.Qf5 Nc7 24.Bc3 Nb5 25.Bxg7+ Kxg7 26.Qf6+ Kf8 27.Qh8+ Ke7 28.Qf6+ Kf8 29.Qh8+ Ke7
30.Qf6+ Kf8 31.Rd7 Na3+ 32.Ka1 Nc2+ 33.Kb1 Na3+ 34.bxa3 Qb5+ 35.Kc2 Qa4+
36.Kb2 Qb5+ 37.Kc1 Qc4+ 38.Kb1 Qb5+ 39.Ka1 Qe5+ 40.Qxe5 Rxe5 41.Rgd1 Rb8
42.f4 Rxe3 43.Nf5 Rf3 44.g6 hxg6 45.hxg6 fxg6 46.Rh1 Rf1+ 47.Rxf1 gxf5 48.Rh1 Kg8
49.Re1 Bc5 50.Kb2 b5 51.Re5 Bf8 52.Rxf5 a5 53.Rg5+ Kh8 54.f5 Re8 55.f6 Re2+
56.Kc3 Rf2 57.f7 Kh7 58.a4 bxa4 59.a3 Kh6 60.Rg8 Bg7+ 61.Kd3 Rf1 62.Rc7 Rf6
63.Kc4 Rf5 64.Rxc6+ Kh7 65.Rc7 Rxf7 66.Rxf7 Kxg8 67.Rf3  1-0

[Event "14th Chicago Open"]
[Site "Wheeling USA"]
[Date "2010.05.31"]
[Round "9"]
[White "Almeida Saenz,A"]
[Black "Amanov,M"]
[Result "1/2-1/2"]
[WhiteElo "2380"]
[BlackElo "2479"]

1.d4 d5 2.c4 c6 3.Nf3 Nf6 4.Nc3 e6 5.e3 Nbd7 6.Qc2 Bd6 7.g4 dxc4 8.g5 Nd5
9.Bxc4 e5 10.dxe5 Nxe5 11.Nxe5 Bxe5 12.Qe4 Qxg5 13.Nxd5 cxd5 14.Bxd5 O-O
15.Qg2 Qh4 16.Bd2 Bh3 17.Qe4 Qf6 18.Qf3 Qh4 19.Bc3 Bxc3+ 20.bxc3 Rac8 21.Rc1 b5
22.Rg1 Be6 23.Rd1 Qxh2 24.Rg3 Qh6 25.e4 Kh8 26.Ke2 Bxd5 27.exd5 Qa6 28.Rd3 Qxa2+
29.Kf1 Qc4 30.Kg2 Rcd8 31.Rd4 Qc5 32.Rxg7 Qxd4 33.Rxh7+ Kxh7 34.cxd4 Rd6
35.Kf1 b4 36.Qf4 Rg6 37.Qc7 b3 38.Qxa7 Rd6 39.Qb7 Kg8 40.Qxb3 Rfd8 41.Qg3+ Kf8
42.Qa3 f6 43.Qf3 Ke7 44.Qe4+ Kd7 45.Qh7+ Kc8 46.Qc2+  1/2-1/2

[Event "XXIX Open A"]
[Site "Zalakaros HUN"]
[Date "2010.05.31"]
[Round "6"]
[White "Toplak,S"]
[Black "Antal,T"]
[Result "0-1"]
[WhiteElo "1909"]
[BlackElo "2153"]

1.d4 d5 2.c4 c6 3.Nc3 Nf6 4.e3 e6 5.Nf3 Nbd7 6.Bd3 dxc4 7.Bxc4 b5 8.Bd3 Bb7
9.O-O a6 10.Bd2 c5 11.dxc5 Nxc5 12.Be2 Bd6 13.Ne1 Qd7 14.Bf3 Rd8 15.g3 Bxg3
16.hxg3 Qxd2 17.Qxd2 Rxd2 18.b4 Nce4 19.Nxe4 Bxe4 20.a4 O-O 21.axb5 axb5
22.Bxe4 Nxe4 23.Nf3 Rb2 24.Rab1 Ra2 25.Rbd1 g6 26.Nd4 Rd8 27.Nxb5 Rxd1 28.Rxd1 Nxf2
29.Rb1 Ne4 30.Nd4 Nd2 31.Rd1 Rb2 32.b5 e5 33.Ne2 Nc4 34.Rd8+ Kg7 35.Rb8 Rxe2
36.b6 Rxe3 37.b7 Rxg3+ 38.Kf2 Rb3  0-1

[Event "XXIX Open A"]
[Site "Zalakaros HUN"]
[Date "2010.06.01"]
[Round "7"]
[White "Dankhazi,A"]
[Black "Straubinger,D"]
[Result "1/2-1/2"]
[WhiteElo "2049"]
[BlackElo "2198"]

1.d4 d5 2.c4 c6 3.e3 Nf6 4.Nc3 e6 5.Nf3 Nbd7 6.Qc2 Be7 7.b3 O-O 8.Be2 dxc4
9.bxc4 e5 10.O-O Re8 11.Bb2 exd4 12.exd4 Nf8 13.Rad1 Ng6 14.Rfe1 Bd7 15.g3 Qa5
16.c5 Bf8 17.Bc4 Qb4  1/2-1/2

[Event "ch-CHN"]
[Site "Xinghua CHN"]
[Date "2010.06.02"]
[Round "9"]
[White "Li Shilong"]
[Black "Lu Shanglei"]
[Result "0-1"]
[WhiteElo "2514"]
[BlackElo "2349"]

1.d4 d5 2.c4 c6 3.Nf3 Nf6 4.Nc3 e6 5.e3 Nbd7 6.Qc2 Bd6 7.Be2 O-O 8.O-O dxc4
9.Bxc4 e5 10.h3 exd4 11.exd4 Nb6 12.Bb3 Nbd5 13.Bg5 Qd7 14.Rfe1 h6 15.Bxf6 Nxf6
16.Ne5 Qf5 17.Qd2 Be6 18.Bc2 Qh5 19.f4 Qh4 20.Qe3 Rad8 21.Rf1 Rfe8 22.Rad1 Nh5
23.Rf3 Nf6 24.Rd2 c5 25.Nb5 cxd4 26.Nxd4 Bc5 27.Ba4 Nd5 28.Qf2 Qxf2+ 29.Rfxf2 Rf8
30.Bb3 Nc7 31.Nxe6 Nxe6 32.Kh2 Bxf2 33.Rxf2 Nd4 34.Bc4 b5 35.Bf1 Rfe8 36.Nf3 a6
37.Ne5 f6 38.Nd3 Nf5 39.Nc5 Rd6 40.Bd3 Ne3 41.Bg6 Rc8 42.b4 f5 43.Bh5 Rd4
44.a3 a5 45.Rf3 Nd5 46.Bg6 axb4 47.Ne6 Rd2 48.Bxf5 Rc3 49.Rf1 Ne3  0-1

[Event "XXIX Open A"]
[Site "Zalakaros HUN"]
[Date "2010.06.02"]
[Round "8"]
[White "Zakharchenko,A"]
[Black "Vajda,S"]
[Result "1-0"]
[WhiteElo "2209"]
[BlackElo "2363"]

1.d4 d5 2.c4 e6 3.Nc3 c6 4.e3 Nf6 5.Nf3 Nbd7 6.Qc2 Bd6 7.Bd3 dxc4 8.Bxc4 O-O
9.O-O b5 10.Bd3 Bb7 11.a3 Re8 12.e4 e5 13.dxe5 Nxe5 14.Nxe5 Bxe5 15.Bg5 h6
16.Bh4 Qb6 17.Kh1 Bxc3 18.bxc3 c5 19.f3 c4 20.Be2 Nh5 21.Rfd1 Qg6 22.Bf1 a6
23.Rd4 Re5 24.Rad1 Rae8 25.Bd8 Bc6 26.Bc7 R5e7 27.Bd6 Rd7 28.Bb4 Rxd4 29.cxd4 f5
30.d5 Bd7 31.exf5 Bxf5 32.Qd2 Nf6 33.d6 Bd7 34.Qf2 Rc8 35.Qd4 Qc2 36.Bc3 Qb3
37.Re1 Re8 38.Rxe8+ Bxe8 39.Qd2 Qb1 40.Kg1 Qf5 41.Qd4 Qe6 42.Kf2 Bd7 43.Be2 Ne8
44.Bb4 Bc6 45.Qc5 Qd7 46.Bd1 a5 47.Bxa5 Qxd6 48.Qxd6 Nxd6 49.Bb4 Nf5 50.g4 Nd4
51.Ke3 Ne6 52.f4 g6 53.f5 gxf5 54.gxf5 Nc7 55.Kd4 Bd7 56.Ke5 Be8 57.Kd6 Na6
58.Bc3 Kf8 59.Bf3 Nb8 60.Bd5 Nd7  1-0

[Event "XXIX Open A"]
[Site "Zalakaros HUN"]
[Date "2010.06.02"]
[Round "8"]
[White "Erdos,V"]
[Black "Berczes,D"]
[Result "1/2-1/2"]
[WhiteElo "2589"]
[BlackElo "2519"]

1.d4 d5 2.c4 c6 3.Nc3 Nf6 4.e3 e6 5.Nf3 Nbd7 6.Qc2 Bd6 7.Bd3 O-O 8.O-O dxc4
9.Bxc4 b5 10.Bd3 Bb7 11.Ng5 h6 12.Nge4 Nxe4 13.Nxe4 Be7 14.Rd1 Qb6 15.Qe2 a6
16.b3 c5 17.Bb2 c4 18.bxc4 bxc4 19.Bc2 f5 20.Ng3 c3 21.Bc1 Nf6 22.f3 Qc7
23.e4 f4 24.Nh1 e5 25.Nf2 Nd7 26.Kh1  1/2-1/2

[Event "Copper State Int B"]
[Site "Mesa USA"]
[Date "2010.06.04"]
[Round "2"]
[White "Sedlak,N"]
[Black "Bercys,S"]
[Result "1/2-1/2"]
[WhiteElo "2567"]
[BlackElo "2427"]

1.d4 d5 2.c4 e6 3.Nf3 Nf6 4.Nc3 c6 5.e3 Nbd7 6.Bd3 dxc4 7.Bxc4 b5 8.Bd3 Bd6
9.O-O O-O 10.Ne2 a6 11.a4 Bb7 12.Ng3 Re8 13.e4 e5 14.Nf5 Bf8 15.Nxe5 Nxe5
16.dxe5 Rxe5 17.Bf4 Re6 18.e5 Nd5 19.Bg3 g6 20.Nd4 Re8 21.Nb3 Qb6 22.Be4 Ne3
23.fxe3 Qxe3+ 24.Kh1 Qxe4 25.Qd7 Re7 26.Qd2 Ree8 27.Qf2 Qd5 28.Na5 Bc8 29.Rad1 Qa2
30.Nxc6 bxa4 31.Ra1 Qd5 32.Rad1 Qa2 33.Ra1 Qd5 34.Rad1 Qa2  1/2-1/2

[Event "Rapid Open"]
[Site "Hustopece CZE"]
[Date "2010.06.05"]
[Round "9"]
[White "Polak,T"]
[Black "Haba,P"]
[Result "0-1"]
[WhiteElo "2525"]
[BlackElo "2513"]

1.d4 d5 2.c4 c6 3.Nc3 Nf6 4.e3 e6 5.Nf3 Nbd7 6.b3 Bd6 7.Bb2 O-O 8.Be2 b6
9.O-O Bb7 10.Qc2 c5 11.cxd5 Nxd5 12.Nxd5 Bxd5 13.e4 Bb7 14.Rad1 Qe7 15.d5 exd5
16.exd5 Ne5 17.Rfe1 Nxf3+ 18.Bxf3 Qg5 19.Re4 Qh6 20.g3 Rae8 21.Rde1 Rxe4
22.Qxe4 Bc8 23.Bc1 Qf6 24.Bg4 Bxg4 25.Qxg4 Qc3 26.Qe4 h6 27.Rd1 Rd8 28.Be3 Qe5
29.Qc4 Re8 30.Qa4 Re7 31.Qc6 Qf6 32.Kg2 h5 33.h4 Qg6 34.Qa4 Rxe3 35.Qc4 Qe4+
36.Qxe4 Rxe4 37.Kf3 f5  0-1

[Event "FSGM June"]
[Site "Budapest HUN"]
[Date "2010.06.06"]
[Round "2"]
[White "Kovacs,Ga2"]
[Black "Mihok,O"]
[Result "1-0"]
[WhiteElo "2521"]
[BlackElo "2425"]

1.d4 d5 2.Nf3 Nf6 3.c4 c6 4.Nc3 e6 5.e3 Nbd7 6.Qc2 Bd6 7.Bd3 O-O 8.O-O dxc4
9.Bxc4 b5 10.Be2 Bb7 11.Bd2 a6 12.Ne4 Nxe4 13.Qxe4 Qe7 14.Rac1 Rac8 15.Rfd1 f5
16.Qh4 Nf6 17.a4 bxa4 18.Bc4 c5 19.dxc5 Rxc5 20.Bb4 Rc6 21.Rxd6 Rxd6 22.Nd4 Rfd8
23.Bxd6 Qxd6 24.Nxe6 Rb8 25.Qg5 Qe7 26.Nxg7+ Kh8 27.Nxf5  1-0

[Event "Copper State Int B"]
[Site "Mesa USA"]
[Date "2010.06.06"]
[Round "5"]
[White "Gurczak,J"]
[Black "Ristovic,N"]
[Result "1-0"]
[WhiteElo "2069"]
[BlackElo "2193"]

1.d4 d5 2.c4 e6 3.Nc3 c6 4.e3 Nf6 5.Nf3 Nbd7 6.Qc2 Be7 7.b3 O-O 8.Bd3 b6
9.O-O Bb7 10.Bb2 h6 11.Qe2 dxc4 12.Bxc4 b5 13.Bd3 b4 14.Na4 Qa5 15.Rac1 Rfc8
16.Rfd1 Nd5 17.Nd2 N5b6 18.Nxb6 axb6 19.Nc4 Qa7 20.Bb1 Nf8 21.Qh5 f6 22.e4 Rc7
23.Ne3 Qb8 24.Ng4 Qe8 25.Qh3 Rd7 26.Ne3 c5 27.d5 exd5 28.exd5 Rad8 29.Nf5 Bxd5
30.Qg4 h5 31.Qxg7+  1-0